000 00863nam a22002057a 4500
999 _c18924
_d18924
003 AR-CdUCM
008 190515b ||||| |||| 00| 0 spa d
040 _aMUNICIPALIDAD PROVINCIAL DEL CUSCO
_cBIBLIOTECA MUNICIPAL DEL CUSCO
082 _a333.72 /
_bC54
100 _aCiriacy Wantrup, S. V.
_939844
245 _aConservación de los recursos :
_beconomía y política /
260 _aMéxico, D.F :
_bFondo de Cultura Económica,
_c1957.
300 _a397 páginas ;
_c22 cm.
505 _aContenido: Orientación del estudio -- La economía privada de la conservación, el estado optimo de la conservación -- La economía privada de la conservación: las fuerzas económicas...
650 _aRecursos naturales
_91988
650 _aEstados Unidos
_91805
700 _aFlores, Edmundo (traductor)
_939845
942 _2ddc
_cLIBROS
945 _aacv
_d2019-05-15